NBA: Top 50 Active Players: Offensive Win Shares - Statistics

General Stats
  • This quiz has been taken 72 times
    2 since last reset
  • The average score is 28 of 50
Answer Stats
# Player OWS % Correct
45 Donovan Mitchell 34.07
100%
2 James Harden 133.41
100%
24 Jarrett Allen 46.16
100%
17 Karl-Anthony Towns 63.73
100%
3 Kevin Durant 132.28
100%
11 Kyle Lowry 73.26
100%
1 LeBron James 191.13
100%
28 Luka Dončić 43.36
100%
36 Nicolas Batum 40.16
100%
5 Nikola Jokić 104.50
100%
19 Russell Westbrook 59.00
100%
4 Stephen Curry 106.68
100%
10 Anthony Davis 73.71
50%
49 Bam Adebayo 32.25
50%
37 Bradley Beal 38.06
50%
20 Brook Lopez 54.17
50%
39 CJ McCollum 37.30
50%
25 Clint Capela 45.56
50%
6 Damian Lillard 98.20
50%
8 DeMar DeRozan 84.00
50%
29 Devin Booker 43.10
50%
27 Domantas Sabonis 45.32
50%
42 Dwight Powell 34.92
50%
9 Giannis Antetokounmpo 79.84
50%
31 Harrison Barnes 42.94
50%
35 Jalen Brunson 40.94
50%
48 Jamal Murray 33.10
50%
41 Jayson Tatum 35.33
50%
7 Jimmy Butler 90.78
50%
22 Jonas Valančiūnas 53.16
50%
34 Jrue Holiday 40.94
50%
13 Kawhi Leonard 68.47
50%
18 Kevin Love 63.21
50%
47 Khris Middleton 33.57
50%
50 Klay Thompson 32.02
50%
15 Kyrie Irving 67.69
50%
14 Mike Conley 68.39
50%
33 Nikola Vučević 41.41
50%
30 Paul George 43.04
50%
12 Rudy Gobert 69.60
50%
40 Steven Adams 35.37
50%
26 Tobias Harris 45.44
50%
38 Trae Young 37.58
50%
16 Al Horford 65.45
0%
21 DeAndre Jordan 53.93
0%
43 Ivica Zubac 34.33
0%
32 Joel Embiid 41.93
0%
44 Mason Plumlee 34.17
0%
46 Pascal Siakam 33.88
0%
23 Shai Gilgeous-Alexander 52.00
0%
No matching quizzes found
Score Distribution
Percent of People with Each Score
Percentile by Number Answered
Your Score History
You have not taken this quiz since the last reset